000
00302nam a2200121Ia 4500
008
190216s9999||||xx |||||||||||||| ||und||
100
_a
Keralaverma Valiakoithampuran
245
0
_a
Mayurasandesam-Keralahridayam
260
_b
National Book Stall
300
_a
176p
650
_a
Kavithkal
942
_c
BK
999
_c
24070
_d
24070